000 01206cam a22003257a 4500
003 CHAP
005 20220329133825.0
008 971013s1987 r 00010 d
010 _a11410
011 _a12382
035 _a15567
040 _cCHAP
090 _aTesis
100 0 0 _aMarcia Reyes, Juan.
_971289
245 0 _aReestructuración del proceso de reproducción de la unidad B del ejido colectivo Héroes de la Revolución
_b: Componente económico-administrativo
260 _aChapingo, Méx. :
_bEl autor,
_c1987
300 _a103 h.
_b; gráfs.
502 _aTesis (Maestro en Ciencias Esp. en Economía del Desarrollo Rural) -- UACH. Departamento de Economía Agrícola
590 _aALEPH
_b10
_c20130110
_lUCH01
_h1228
590 _aBATCH-UPD
_b10
_c20130110
_lUCH01
_h1006
590 _aBATCH-UPD
_b10
_c20130410
_lUCH01
_h0616
590 _aBATCH-UPD
_b10
_c20130913
_lUCH01
_h2028
590 _aCONVERSION
_b10
_c20130109
_lUCH01
_h1308
650 1 4 _aAgricultura cooperativa
_xChihuahua.
_91958
650 1 4 _aAgricultura
_xChihuahua.
_91356
650 1 4 _aEjido Héroes de la Revolución, Chih.
_935910
901 _aBK
942 _cTESIS
949 _bBC
_cTES
_d-27775
_eTS1
_h19698
_i15567
_si
999 _c11410
_d11410